[Event "Flint op 07"]
[Site "Flint"]
[Date "2002.07.28"]
[Round "4"]
[White "Schwab, Henry"]
[Black "Gross, Benjamin"]
[Result "1-0"]
[WhiteElo "1690"]
[BlackElo "1493"]
[PlyCount "63"]
[EventDate "2002.07.27"]
[EventType "swiss"]
[EventRounds "5"]
[EventCountry "USA"]
[SourceTitle "EXT 2009"]
[Source "ChessBase"]
[SourceDate "2008.11.26"]
[SourceVersion "1"]
[SourceVersionDate "2008.11.26"]
[SourceQuality "1"]

1. e4 d6 2. d4 g6 3. Nc3 Bg7 4. Be3 a6 5. Qd2 b5 6. Bd3 Bb7 7. Nf3 Nd7 8. 0-0 c5 9. d5 b4 10. Nd1 a5 11. c4 h5 12. h3 Qc7 13. Rb1 Nb6 14. Ng5 Ba6 15. Qc2 Nh6 16. f4 Kd7 17. Nf3 Kc8 18. e5 Kb7 19. Nf2 Rae8 20. Ne4 Nf5 21. Bf2 dxe5 22. fxe5 Bxe5 23. Nxe5 Qxe5 24. Nxc5+ Ka7 25. Na4 Nd4 26. Nxb6 Kxb6 27. Qa4 Rc8 28. Rbe1 Qg7 29. Rxe7 Bxc4 30. Bxc4 Rxc4 31. Qd7 Kc5 32. Qc6# 1-0